000
00321cam a2200133ua 4500
003
OSt
008
231109b |||||||| |||| 00| 0 eng d
041
_a
eng
082
_a
028.75371
_b
PAR/ME
245
_a
Mechanical engineering
260
_a
Thrissur :
_b
Govt.Engineering College ,
_c
1996.
300
_a
94 ; .
942
_c
BK
999
_c
8912
_d
8912